Quizzes
Events
Quiz Creation
Community
Videos
Private Events
Remove Ads
Sign In
Join for FREE
Feedback
Dark Mode
Quiz Categories
Sports
Geography
Music
Movies
Television
Just For Fun
Miscellaneous
History
Literature
Language
Science
Gaming
Entertainment
Religion
Holiday
For Kids
Quiz Lab
Recent
Popular Today
Quiz Kudos Today
Editor Picks
Curator Picks
Quizzes by...
Day
Popularity
Type
Ratings
Length
Year
Community
Subscriptions
Recent Discussions
Orange Saloon
Badges
Playlists
Quests
Create
Leaderboards
Showdown
Live 5
Trivia Bingo
Activity
Puzzle Library
Sporcle Events
Private Events
Virtual Trivia
Globe League
Become a Host
Pub Owners
SporcleCon
Opinionation
Our Games
Videos
Blog
Mobile Apps
Partnerships
Remove Ads and Go Orange
Feedback
Literature
Harry Potter
A Song of Ice and Fire
The Hunger Games
Literary Character
Shakespeare
Book
Author
Novel
Poem
Young Adult
Children's Books
Play
Lord of the Rings
Literature
Harry Potter
A Song of Ice and Fire
The Hunger Games
Literary Character
Shakespeare
Book
Author
Novel
Poem
Young Adult
Children's Books
Play
Lord of the Rings
Random Quiz
Search Sporcle
×
Quiz Lab
Quiz Lab
Literature
Author
Type in answers that appear in a list
Type in answers that appear in a list
Classic
Best Score? Go Orange.
Debut YA Authors 2011 Stats
Can you name the debut young adult authors of 2011?
By
Stollhofen
10m
140 Questions
28 Plays
28 Plays
28 Plays
Comments
Comments
Give Quiz Kudos
Give Quiz Kudos
-
- Ratings
hide this ad
Forced Order
Answers have to be entered in order
Answers have to be entered in order
Replay
Link that replays current quiz
Next Quiz
Link to next quiz in quiz playlist
You Got
0%
They Got
Avg Score
10%
Avg Friend Score
Upgrade to see
Score Distribution
Jump to the score distribution portion of the page
Score
0/140
Timer
10:00
0
Plays Today
Title
Author
% Correct
Divergent
Veronica Roth
89.3%
Legend
Marie Lu
53.6%
The Unbecoming of Mara Dyer
Michelle Hodkin
42.9%
Hourglass
Myra McEntire
39.3%
Die for Me
Amy Plum
39.3%
The Goddess Test
Aimee Carter
39.3%
Unearthly
Cynthia Hand
35.7%
Across the Universe
Beth Revis
35.7%
Wither
Lauren DeStefano
32.1%
Blood Red Road
Moira Young
32.1%
Entwined
Heather Dixon
28.6%
Wildefire
Karsten Knight
28.6%
Between Shades of Gray
Ruta Sepetys
28.6%
Fury
Elizabeth Miles
28.6%
Anna Dressed in Blood
Kendare Blake
28.6%
Forgotten
Cat Patrick
28.6%
The Girl of Fire and Thorn
Rae Carson
25%
XVI
Julia Karr
21.4%
The Faerie Ring
Kiki Hamilton
21.4%
Witch Eyes
Scott Tracey
21.4%
Virtuosity
Jessica Martinez
21.4%
The Girl in the Steel Corset
Kady Cross
21.4%
Saving June
Hannah Harrington
21.4%
Angelfire
Courtney Allison Moulton
17.9%
Possession
Elana Johnson
17.9%
Awaken
Katie Kacvinsky
17.9%
So Shelly
Ty Roth
17.9%
A Beautiful Dark
Jocelyn Davies
17.9%
Witchlanders
Lena Coakley
17.9%
Hereafter
Tara Hudson
17.9%
Moonglass
Jessi Kirby
17.9%
The Beginning of After
Jennifer Castle
17.9%
The Eleventh Plague
Jeff Hirsch
17.9%
Clarity
Kim Harrington
14.3%
The Lipstick Laws
Amy Holder
14.3%
The Near Witch
Victoria Schwab
14.3%
Bad Taste in Boys
Carrie Harris
14.3%
Starcrossed
Josephine Angelini
14.3%
Born at Midnight
C.C. Hunter
14.3%
Like Mandarin
Kirsten Hubbard
14.3%
Luminous
Dawn Metcalf
14.3%
Flawless
Lara Chapman
14.3%
Shattered Souls
Mary Lindsey
14.3%
Carrier of the Mark
Leigh Fallon
14.3%
Choker
Elizabeth Woods
14.3%
Entangled
Cat Clarke
10.7%
Blood Magic
Tessa Gratton
10.7%
Title
Author
% Correct
Timeless
Alexandra Monir
10.7%
Haven
Kristi Cook
10.7%
Vesper
Jeff Sampson
10.7%
The False Princess
Eilis O'Neal
10.7%
The Demon Trapper's Daughter
Jana Oliver
10.7%
Enclave
Ann Agguire
10.7%
Possess
Gretchen McNeil
10.7%
A Long, Long Sleep
Anna Sheehan
10.7%
A Touch Mortal
Leah Clifford
7.1%
The Liar Society
Lisa Roecker
7.1%
Other Words for Love
Lorraine Zago Rosenthal
7.1%
Rival
Sara Bennett Wealer
7.1%
Popular
Alissa Grosso
7.1%
Demon Kissed
H.M. Ward
7.1%
Dearly, Departed
Lia Habel
7.1%
Populazzi
Elise Allen
7.1%
Future Imperfect
K. Ryer Breese
7.1%
The Predicteds
Christine Seifert
7.1%
Illegal
Bettina Restrepo
7.1%
The Mephisto Covenant
Trinity Faegan
7.1%
The Pull of Gravity
Gae Polisner
7.1%
Winter's Shadow
M.J. Hearle
7.1%
Touch of Frost
Jennifer Estep
7.1%
The Fallen Star
Jessica Sorensen
7.1%
Sister Mishcief
Laura Goode
7.1%
Putting Makeup on Dead People
Jen Violi
7.1%
Dark Inside
Jeyn Roberts
7.1%
Damage
Anya Parrish
7.1%
Spoiled
Heather Cocks
7.1%
The Iron Witch
Karen Mahoney
3.6%
Wake Unto Me
Lisa Cach
3.6%
The Iron Thorn
Caitlin Kittredge
3.6%
Dead Rules
Randy Russell
3.6%
Half-
Blood
Jennifer L. Armentrout
3.6%
Lost Voices
Sarah Porter
3.6%
What Can't Wait
Ashley Hope Perez
3.6%
Audition
Stasia Ward Kehoe
3.6%
OyMG
Amy Fellner Dominy
3.6%
The Revenant
Sonia Gensler
3.6%
Airborne
Constance Sharper
3.6%
Ethereal
Addison Moore
3.6%
Girl Wonder
Alexa Martin
3.6%
Lie
Caroline Bock
3.6%
Warped
Maurisa Guibord
0%
Memento Nora
Angie Smibert
0%
The Year We Were Famous
Carole Etsby Dagg
0%
Witch Song
Amber Argyle
0%
Title
Author
% Correct
The Sweetest Thing
Christina Mandelski
0%
Betrayal
Mayandree Michel
0%
Exposed
Kimberly Marcus
0%
Burn Bright
Marianne de Pierres
0%
Ten Miles Past Normal
Frances O'Roark Dowell
0%
Immortal Embrace
Charlotte Blackwell
0%
Flyaway
Helen Landal
0%
Here Lies Bridget
Paige Haribson
0%
Bestest. Ramadan. Ever
Medeia Sharif
0%
On the Fringe
Courtney King Walkre
0%
Vicious Little Darlings
Katherine Easer
0%
Lure
Stephanie Jenkins
0%
Neva
Sara Grant
0%
Dark Mirror
M.J. Putney
0%
Ashfall
Mike Mullin
0%
Where I Belong
Gwendolyn Heasley
0%
Watched
Sharde Richardson
0%
Ordained
Devon Ashley
0%
Ada Legend of a Healer
R.A. McDonald
0%
Hooked
Catherine Greenman
0%
Bloodspell
Amalie Howard
0%
Leverage
Joshua C. Cohen
0%
Silver Moon
Rebecca A. Rogers
0%
Silver Smoke
Monica Leonelle
0%
Mercy Lily
Lisa Albert
0%
Anathema
Megg Jensen
0%
Stupid Fast
Geoff Herbach
0%
Torn
Erica O'Rourke
0%
Between
Cyndia Tefft
0%
Griffin Rising
Darcy Karchut
0%
Frost
Marianna Baer
0%
Caged in Darkness
J.D. Stroube
0%
Turned
Morgan Rice
0%
Those That Wake
Jesse Karp
0%
Sirenz
Charlotte Bennardo
0%
Hex: A Witch and Angel Tale
Ramona Wray
0%
Shifting
Bethany Wiggins
0%
Sleight
Jennifer Sommersby
0%
Don't Expect Magic
Kathy McCullough
0%
Friendship on Fire
Danielle Weiler
0%
Angel Kiss
Laura Jane Cassidy
0%
The Bridge
Jane Higgins
0%
The Jewel and the Key
Louise Spiegler
0%
Darker Still
Leanna Renee Hieber
0%
The Latte Rebellion
Sarah Jamila Stevenson
0%
And The Things Fall Apart
Arlaina Tibensky
0%
Quiz Playlist
Details
Report
Send in Message
Add To Playlist
Classic:
Type in answers that appear in a list
Forced Order:
Answers have to be entered in order
Last Updated: Feb 16, 2017
Quiz Scoreboard
CHALLENGE
Sign Up to Join the Scoreboard
Show All
Scores
Hide
Comments
May contain spoilers
Recently Published
9x9 Crossword: Cartoon Network
by jackfrog10
Miscellaneous
3m
College Basketball Coaching Resumes
by pancakes188
Sports
9m
Billboard Blitz: Fleetwood Mac
by CooCooCachoo
Music
15s
More to Explore
Quiz From the Vault
Featured Blog Post
Where Did the Easter Bunny Come From?
hide this ad
You Might Also Like...
Tags
Author Quiz
Young Adult Quiz
2011
Adult
debut
Young
Today's Top Quizzes in Literature
Browse Literature
hide this ad
Today's Top Quizzes in Author
Browse Author
Top Contributed Quizzes in Literature
1
Sneaky Slytherin Logic Puzzle
2
Get The Picture: Black or White Literature
3
5-to-1: Plays
4
A Court of Thorns and Roses (ACoTaR) Logic Puzzle
5
One Thing in Common: Literature
6
One Thing in Common: Literature II
7
One Thing in Common: Literature 3
8
One Thing in Common: Books
9
Literary Siblings Odd One Out III
10
Harry Potter Neighbourly Logic Puzzle #1
Explore More
Trending Topics
Marvel
Kpop
Disney
Anime
NBA
Harry Potter
Crossword
Country
Soccer
NFL
The Office
Pokémon
WWE
Puzzle
Song
hide this ad
More By:
Stollhofen
Quiz
Plays
Rating
Category
Featured
Created
Debut YA Authors 2011
28
5.00
Literature
Jul 16, 2011
Debut YA Authors 2010
22
5.00
Literature
Jul 17, 2011
Go to Creator's Profile
Score Distribution
Quiz Creator Spotlight
Stollhofen
Follow
Send a Message
Quizzes Created
-
Created Quiz Play Count
-
More By This Creator
Popular Quizzes Today
1
Find the US States - No Outlines Minefield
2
Find the Countries of Europe - No Outlines Minefield
3
The Countries of the World
4
Find the US States
5
Risky Map Clicking: Biggest States A-Z
6
US States
7
Popular People in 1961
8
Movies - When Are They Set?
More Literature Quizzes
Get The Picture: Clegane Brothers
Quiz Lab
Trending Quizzes
Risky Map Clicking: Least Populous States A-Z
1-10 Letter G Words
Risky Map Clicking: Next State Alphabetically
Adjectives in 80s TV Shows
Risky Map Clicking: Biggest States A-Z
Recently Updated
Leaping Animals
pecheneg
Reality TV Shows (A-Z)
bhenderson79
Rickey Henderson's Hall of Fame Teammates
pecheneg
Champions League XIs: Arsenal
pecheneg
Quick Pick: Celebrities in WWE's Hall of Fame
aduchscher
A-Z Keypad Blitz II
pecheneg
Multiple Oscar Actors
pecheneg
Mystery Phrase Blitz: Oscar 'Best Actors'
pecheneg
F. Scott Fitzgerald Novels
LTH
Pick 3 Villains
ddd62291
Trending Topics
Anime
Harry Potter
Disney
Crossword
Kpop
Marvel
NBA
Pokémon
Soccer
The Office
WWE
Song
NFL
Country
Puzzle
Your Account Isn't Verified!
In order to create a playlist on Sporcle, you need to verify the email address you used during registration. Go to your
Sporcle Settings
to finish the process.
Report this User
Report this user for behavior that violates our
Community Guidelines
.
Details:
Send Report
Go to the Sporcle.com Mobile Site →
Comments